| Tag |
First Indicator |
Second Indicator |
Subfields |
| LEADER |
00000cam a2200000 4500 |
| 001 |
in00000037729 |
| 005 |
20151007080604.0 |
| 008 |
721212s1972 nyu b 00100 eng |
| 010 |
|
|
|a 72076225
|
| 020 |
|
|
|a 0385014678
|c $2.50
|
| 035 |
|
|
|a (OCoLC)00533674
|
| 035 |
|
|
|9 AAF5056AM
|
| 040 |
|
|
|a DLC
|c DLC
|d TXA
|d UtOrBLW
|
| 043 |
|
|
|a a-is---
|a mk-----
|
| 049 |
|
|
|a TXAM
|c [1242790]
|
| 050 |
0 |
0 |
|a DS126.5
|b .B617
|
| 082 |
0 |
|
|a 956.94/001
|
| 100 |
1 |
|
|a Bober, Arie.
|
| 245 |
1 |
4 |
|a The other Israel :
|b the radical case against Zionism.
|
| 264 |
|
1 |
|a Garden City, N.Y. :
|b Anchor Books,
|c 1972.
|
| 300 |
|
|
|a viii, 264 pages ;
|c 18 cm.
|
| 336 |
|
|
|a text
|b txt
|2 rdacontent
|
| 337 |
|
|
|a unmediated
|b n
|2 rdamedia
|
| 338 |
|
|
|a volume
|b nc
|2 rdacarrier
|
| 490 |
0 |
|
|a Anchor books
|
| 500 |
|
|
|a "A Doubleday Anchor original."
|
| 500 |
|
|
|a "Consists of statements issued by the Israeli Socialist Organization and articles written by its members during the past five years."
|
| 504 |
|
|
|a Includes bibliographical references.
|
| 650 |
|
0 |
|a Jewish-Arab relations.
|
| 650 |
|
0 |
|a Zionism.
|
| 650 |
|
0 |
|a Israel-Arab War, 1967
|x Influence.
|
| 651 |
|
0 |
|a Israel
|x Social conditions.
|
| 710 |
2 |
|
|a Israeli Socialist Organization.
|
| 999 |
|
|
|a MARS
|
| 999 |
f |
f |
|s 550eb6fb-9ef2-3cfd-8c97-3723bb98624f
|i 11954bfa-db9b-3cda-80f2-2017f96959d9
|t 0
|
| 952 |
f |
f |
|p ric
|a Texas A&M University
|b Rellis Campus
|c Joint Library Facility
|d Remote Storage
|t 0
|e DS126.5 .B617
|h Library of Congress classification
|i unmediated -- volume
|m A14802034997
|
| 998 |
f |
f |
|a DS126.5 .B617
|t 0
|l Remote Storage
|